000 00492nam a22001577a 4500
005 20251108164017.0
008 250721s1992 xx 000 0 ara d
082 1 4 _a137/شخص
245 1 0 _aشخصية جليسك من خلال ملامحه و تقاطيعه /
264 1 _aبيروت :
_bمؤسسة الإيمان،
_c1992.
300 _a190ص
650 1 7 _aالشخصية
710 2 _aقسم التأليف و الترجمة في دار الرشيد
942 _2ddc
_cBK
999 _c1342
_d1342